003930000a22001450004500060000800000082001800008100002100026100002300047245004400070260001800114260000900132300000800141490005000149650004800199 a100 a631.53 TAN.02 aOrton, Thomas I aTanksley, Steven D aIsozymes in plant genetics and breeding aUSA, Elsevier c1983 a475 aDevelopments in plant genetics & breeding, IB aPlant breeding/ ISO enzymes/ Plant genetics